000 00238nam a2200097Ia 4500
001 662977
005 20250826160203.0
008 250824s9999 xx 000 0 und d
245 0 _aKIR GEZİSİ
_cGÜLTEN DAYIOĞLU
260 _bALTIN KİTAPLAR
999 _c662977
_d662977